Statistics for #1 Hits of the 1960s Quiz

Click here to take the quiz!

General Stats

  • This quiz has been taken 15,756 times
    (13,567 since last reset)
  • The average score is 33 of 135

Answer Stats

#1's Musical Act % Correct
1The Beatles with
Billy Preston
99%
16The Beatles
99%
5The Rolling Stones
90%
6Elvis Presley
86%
2Simon & Garfunkel
81%
2The Beach Boys
78%
3The Monkees
75%
2Diana Ross & the
Supremes
75%
9The Supremes
69%
1Nancy Sinatra
68%
2Roy Orbison
68%
1Aretha Franklin
66%
2The Doors
66%
1Frank Sinatra
65%
1The Animals
65%
1Marvin Gaye
63%
1Otis Redding
62%
3Ray Charles
55%
1Sonny & Cher
54%
2The Temptations
53%
3Chubby Checker
51%
2The Byrds
49%
2The Four Seasons
46%
2The Righteous Brothers
42%
1The Archies
42%
1The Mamas & The Papas
41%
2The Four Tops
40%
2Petula Clark
37%
1The Troggs
37%
1Peter, Paul & Mary
36%
1The Everly Brothers
34%
1Percy Sledge
33%
1Manfred Mann
32%
1Lulu
32%
1Louis Armstrong
32%
1Little Stevie Wonder
32%
2Herman's Hermits
30%
2Tommy James & the
Shondells
29%
2The 5th Dimension
27%
1Donovan
27%
1Dean Martin
26%
2The Shirelles
26%
1Dion
26%
1Sly & the Family Stone
25%
1Jan and Dean
24%
1Marty Robbins
23%
1Neil Sedaka
23%
1The Lovin' Spoonful
23%
1Little Eva
23%
1Lesley Gore
22%
1Del Shannon
21%
4Bobby Vinton
21%
1The Shangri-Las
21%
1Joey Dee and the
Starliters
21%
1Ricky Nelson
18%
1Jimmy Dean
17%
1Gary Lewis & The
Playboys
17%
1The Drifters
17%
1Box Tops
16%
1John Fred & His
Playboy Band
16%
2The Association
16%
2Mary Wells
16%
1Maurice Williams
and the Zodiacs
16%
3Young Rascals
16%
1The Chiffons
16%
1Strawberry Alarm Clock
15%
1Zager and Evans
15%
1Lorne Greene
15%
2Tommy Roe
14%
1Bobbie Gentry
14%
1Bobby Goldsboro
14%
1Herb Alpert
14%
1The Singing Nun
14%
2Brenda Lee
14%
1Mr. Acker Bilk
13%
1Paul & Paula
13%
1Bobby "Boris" Pickett
13%
1Jeannie C. Riley
13%
1? and the Mysterians
13%
1Bobby Lewis
13%
1Barry McGuire
12%
1Bobby Vee
12%
1Steam
12%
1The Dixie Cups
12%
1The Tokens
12%
1Henry Mancini
12%
1Peter and Gordon
12%
1The Dave Clark Five
11%
1The Marvelettes
11%
1Connie Francis
10%
1The Tornados
9%
1Lou Christie
9%
1Freddie and the
Dreamers
9%
1The Crystals
9%
1The McCoys
9%
1Percy Faith
9%
1Barry Sadler
9%
1The Lemon Pipers
8%
1Archie Bell & the Drells
8%
1The Buckinghams
8%
1Johnny Preston
8%
1Brian Hyland
8%
1Frankie Avalon
8%
1Nino Tempo and
April Stevens
8%
1Shelley Fabares
8%
1Paul Mauriat
7%
1Pat Boone
7%
1Little Peggy March
7%
1The Marcels
7%
1Johnny Rivers
7%
1Gene Chandler
7%
1The Angels
7%
1Hugh Masekela
6%
1Wayne Fontana & the
Mindbenders
6%
1Steve Lawrence
6%
1Bruce Channel
6%
1David Rose
6%
1Gary U.S. Bonds
6%
1The New Vaudeville Band
6%
1The Essex
5%
1The Rooftop Singers
5%
1Hollywood Argyles
5%
1Ruby & the
Romantics
5%
1Kyu Sakamoto
5%
1Ernie K-Doe
5%
1Lawrence Welk
5%
1Mark Dinning
5%
1Jimmy Gilmer and
the Fireballs
5%
1Jimmy Soul
4%
1Larry Verne
4%
1Dale & Grace
4%
1The Tymes
4%
1The Highwaymen
4%
1Bert Kaempfert
4%
1Joe Dowell
3%

Score Distribution

Percentile by Number Answered

Percent of People with Each Score

Your Score History

You have not taken this quiz since the last reset